Uplatňovanie DPH pri tuzemských a cezhraničných transakciách diplomová práca

Uložené v:
Podrobná bibliografia
Hlavný autor: Hužovičová, Petra
Korporativný autor: Národohospodárska fakulta EU. Katedra financií
Ďalší autori: Rabatinová, Marcela, 1977-
Médium: Kniha
Jazyk:Slovak
Vydavateľské údaje: Bratislava 2017
Tagy: Pridať tag
Žiadne tagy, Buďte prvý, kto otaguje tento záznam!

MARC

LEADER 00000nbm a2200000 4500
001 0231803
005 20171127145139.2
041 0 |a slo 
044 |a SK 
245 1 0 |a Uplatňovanie DPH pri tuzemských a cezhraničných transakciách  |b diplomová práca  |c Petra Hužovičová ; školiteľ: Marcela Rabatinová 
264 1 |a Bratislava  |c 2017 
300 |a 68 s. 
100 1 |a Hužovičová, Petra 
700 1 |a Rabatinová, Marcela, 1977- 
710 2 |a Národohospodárska fakulta EU. Katedra financií